| 000 | 00534nam a2200193Ia 4500 | ||
|---|---|---|---|
| 003 | GCL | ||
| 008 | 140319s9999 xx 000 0 eng d | ||
| 040 |
_aGCL / _cGCL |
||
| 082 | 0 | 4 |
_a960.1 _bS A |
| 100 | 1 | _aSHAW, THURSTAN | |
| 245 | 1 | 0 |
_aTHE ARCHAEOLOGY OF AFRICA: FOOD,METALS AND TOWNS / _cSHAW, THURSTAN |
| 700 | 1 | _aSINCLAIR, PAUL | |
| 260 |
_a[S.N] : _bROUTLEDGE ، _c1993 |
||
| 300 | _a857P | ||
| 650 | 0 | 4 | _aAGRICULTURE PRODUCTIVITY |
| 650 | 0 | 4 | _aMAN PREHISTORIC, AFRICA |
| 650 | 0 | 4 | _aAFRICA - ANTIQUITIES |
| 942 |
_2ddc _cBK |
||
| 999 |
_c12356 _d12356 |
||